000 00332 a2200145 4500
001 167742
020 _a
040 _cMagnum
100 _aFeracine, Luiz
240 1 0 _aO professor como agente de mudanca social
_lpor
245 1 0 _aO professor como agente de mudanca social
362 0 _a1899
697 _aENSINO
942 _cBK
999 _c167742
_d167742